1749 1849 1247 1028 1818 1452 1452 1674 1268 1104 1273 1565 1591 1712 1500 1463 1477 1610 1099 1251 1712 1906 1076 1668 1086 1932 1295 1422 1916 1308 1829 1665 1083 1029 1915 1098 1983 1792 1583 1405 1232 1028 1833 1413 1585 1164 1493 1718 1104 1758 1027 1646 1860 1069 1897 1111 1810 1656 1590 1390 1792 1588 1384 1860 1053 1507 1474 1090 1590 1776 1633 1616 1026 1085 1342 1792 1030 1418 1685 1903 1896 1819 1563 1704 1067 1640 1367 1143 1529 1010 1704 1004 1181 1148 1701 1604 1460 1968 1331 BCNSPRNW ULIB Ver.6.0+V

เปลี่ยนเป็นภาษาไทย

Change to English
 แสดงรายละเอียดบรรณานุกรม
  กลับหน้าหลัก

Brief Record : Get Marc (ISO 2709) : E-mail record : QR code < ปิดหน้าต่าง
LEADER : 00000nam 2200000uu 4500
001    13399114958
003     ULIB
008    110627s2550||||th 000 0 tha d
090    รส.^bว617ฝ
245 00 ฝนตกขึ้นฟ้า/^c
260    กรุงเทพฯ :^b,^c2550
300     หน้า
945    ^p0^l0^i021036
995    ทศพร
999 ^a ใช้งานได้ทุกระบบ
รายการนี้ยังไม่มีแท็ก
คุณยังไม่ได้ล็อกอิน คุณสามารถมีกิจกรรมร่วมกับเว็บไซต์ได้ แต่ต้องล็อกอินก่อน ::
  ล็อกอิน

รายการสื่อสารสนเทศ

ลำดับที่ ประเภท เลขเรียก/บาร์โค้ด สถานที่ สถานะ
1. นวนิยาย
นวนิยาย
รส. ว617ฝ ฉ.1 
  Barcode: 021036
ห้องสมุดวิทยาเขตสวรรค์ประชารักษ์
►นวนิยาย
บนชั้น
  ขอยืม

BibComment


ยังไม่เคยถูกคอมเมนท์

คอมเมนท์ทรัพยากรรายการนี้
  คอมเมนท์: ฝนตกขึ้นฟ้า


 Copyright 2026. Bcnsprnw @Library